000 00968nam a2200289 4500
003 OSt
005 20260530115322.0
008 260520b2017 nyua|||| |||| 00| 0 eng d
020 _a9780847859757
040 _aICI
_bspa
_cICI
041 _aeng
050 _aNK1390
_bC37 2017
100 _eautor
245 _aCarpenters Workshop Gallery :
_bcontemporary design icons
264 _aNew York :
_bRizzoli International Publications,
_c2017
300 _a383 páginas :
_bilustraciones
336 _2rdacontent
_atexto
337 _2rdamedia
_asin medio
338 _2rdacarrier
_avolumen
500 _aCatálogo ilustrado sobre diseño contemporáneo y piezas icónicas presentadas por Carpenters Workshop Gallery
650 0 _aDiseño contemporáneo
650 0 _aDiseño de mobiliario
650 0 _aArtes decorativas modernas
650 0 _aDiseño industrial
_ySiglo XXI
_934603
650 0 _aGalerías de arte
_zEstados Unidos
_912741
942 _2lcc
_n1
_cBK
999 _c13829
_d13829